000 00337nam a22001457a 4500
003 OSt
005 20160727222446.0
008 160704b xxu||||| |||| 00| 0 eng d
040 _cTEST
100 _91948
_a Smith, C.B., et al
245 _aRainbow World
260 _aN.Y
_b MacMillan
_c1980
300 _aRainbow World
942 _2ddc
_cBK
999 _c1648
_d1648